=LDR 00000nam 2200000 4500 =001 NUTBA000000000005181 =005 20141023084600.0 =006 =007 =008 =020 ##$$a 978-979-24-4162-8 =035 ##$$0010-101400000000411 =040 ##$$a NBPDMAT =082 ##$$a 634.651 =090 ##$$a 634.651 $b Man m =245 ##$$a Manfaat pepaya buat kita / $c penyunting, Sriyanto,... (et.al) =260 ##$$a Jakarta : $b Citra Unggul Laksana, $c 2011 =300 ##$$a 64 hlm. : $b ilus. ; $c 19 cm. =500 ##$$a Bibliografi : hlm. 64 =650 ##$$a Pepaya =700 ##$$a Sriyanto =850 ##$$a NBPDMAT =990 ##$$a 0001/BPAP-NTB/20142014